EG offices Q2 (Record no. 77125)
[ view plain ]
| 000 -LEADER | |
|---|---|
| fixed length control field | 00910cab a2200217 4500 |
| 001 - CONTROL NUMBER | |
| control field | ##L133638 |
| 008 - FIXED-LENGTH DATA ELEMENTS--GENERAL INFORMATION | |
| fixed length control field | 060525n2006 000 0 eng u |
| 035 ## - SYSTEM CONTROL NUMBER | |
| System control number | (Sirsi) u133638 |
| 041 0# - LANGUAGE CODE | |
| Language code of text/sound track or separate title | eng |
| 100 1# - MAIN ENTRY--PERSONAL NAME | |
| Personal name | Kivlehan, Noella Pio |
| 245 00 - TITLE STATEMENT | |
| Title | EG offices Q2 |
| 260 ## - PUBLICATION, DISTRIBUTION, ETC. | |
| Date of publication, distribution, etc. | 2006 |
| 490 #0 - SERIES STATEMENT | |
| Series statement | Estates Gazette |
| Volume/sequential designation | (0620) 20 May 2006, 109-131(17) |
| 520 ## - SUMMARY, ETC. | |
| Summary, etc. | Covers a visual tour of some of the top office developments being planned across the world and the way government buildings in the UK are being greened. Presents case studies of the various approaches to energy efficiency being employed in buildings. Looks at the arguments surrounding the introduction of sustainable principles into office developments. |
| 590 ## - LOCAL NOTE (RLIN) | |
| Local note | IKA230506 |
| 651 #4 - SUBJECT ADDED ENTRY--GEOGRAPHIC NAME | |
| Geographic name | United Kingdom |
| Chronological subdivision | |
| 690 ## - LOCAL SUBJECT ADDED ENTRY--TOPICAL TERM (OCLC, RLIN) | |
| Topical term or geographic name as entry element | PROPERTY-COMMERCIAL PROPERTY-OFFICE PROPERTY-OFFICES |
| 700 1# - ADDED ENTRY--PERSONAL NAME | |
| Personal name | Quinn, David |
| 700 1# - ADDED ENTRY--PERSONAL NAME | |
| Personal name | Thame, David |
| 942 ## - ADDED ENTRY ELEMENTS (KOHA) | |
| Suppress in OPAC | 0 |
| Withdrawn status | Lost status | Source of classification or shelving scheme | Damaged status | Not for loan | Home library | Current library | Shelving location | Date acquired | Total Checkouts | Full call number | Barcode | Date last seen | Copy number | Price effective from | Koha item type |
|---|---|---|---|---|---|---|---|---|---|---|---|---|---|---|---|
| Dewey Decimal Classification | London | London | Journal article | 25/05/2006 | L133638 | 133638-1001 | 06/08/2019 | 1 | 06/08/2019 | Journal article |